书目信息 |
| 题名: |
英语泛读教程
|
|
| 作者: | 刘乃银 主编 | |
| 分册: | 3 | |
| 出版信息: | 北京 高等教育出版社 2005.12 |
|
| 页数: | 302页 | |
| 开本: | 26cm | |
| 丛书名: | ||
| 单 册: | ||
| 中图分类: | H319.4 | |
| 科图分类: | ||
| 主题词: | 英语--ying yu--阅读教学--高等教育--教材 | |
| 电子资源: | ||
| ISBN: | 7-04-018589-X | |
| 000 | 01026nam0 2200265 450 | |
| 001 | 012006844875 | |
| 005 | 20121009105436.93 | |
| 010 | @a7-04-018589-X@dCNY26.00 | |
| 100 | @a20061103d2005 km y0chiy0120 ea | |
| 101 | 0 | @achi@aeng |
| 102 | @aCN@b110000 | |
| 105 | @ay z 000yy | |
| 200 | 1 | @a英语泛读教程@Aying yu fan du jiao cheng@h3@d= Extensive reading@h3@f刘乃银主编@Fliu nai yin zhu bian@zeng |
| 205 | @a第2版 | |
| 210 | @a北京@c高等教育出版社@d2005.12 | |
| 215 | @a302页@d26cm | |
| 300 | @a普通高等教育"十五"国家级规划教材 | |
| 300 | @a面向21世纪课程教材 新世纪网络课程建设工程项目 | |
| 330 | @a本书共4册,本书为第三册,共15个单元,每单元一般分为四部分,第一部分为阅读课文及练习,练习包括判断课文中心思想、阅读理解、课堂讨论题和词汇练习,第二部分为阅读技巧,重点介绍报纸杂志等阅读技能。 | |
| 510 | 1 | @aExtensive reading@h3@zeng |
| 606 | 0 | @a英语@Aying yu@x阅读教学@x高等教育@j教材 |
| 690 | @aH319.4@v4 | |
| 701 | 0 | @a刘乃银@Aliu nai yin@4主编 |
| 801 | 0 | @aCN@c20061204 |
| 905 | @a10447@dH319.4@eL658:3 | |
| 英语泛读教程.3= Extensive reading.3/刘乃银主编.-第2版.-北京:高等教育出版社,2005.12 |
| 302页;26cm |
| 普通高等教育"十五"国家级规划教材.-面向21世纪课程教材 新世纪网络课程建设工程项目 |
| ISBN 7-04-018589-X:CNY26.00 |
| 本书共4册,本书为第三册,共15个单元,每单元一般分为四部分,第一部分为阅读课文及练习,练习包括判断课文中心思想、阅读理解、课堂讨论题和词汇练习,第二部分为阅读技巧,重点介绍报纸杂志等阅读技能。 |
| ● |
| 相关链接 |
|
|
|
正题名:英语泛读教程
索取号:H319.4/L658:3
 
预约/预借
| 序号 | 登录号 | 条形码 | 馆藏地/架位号 | 状态 | 备注 |
| 1 | 225322 | 202253220 | 语言库209/209语言库 16排2列5层/ [索取号:H319.4/L658:3] | 在馆 | |
| 2 | 225323 | 202253239 | 语言库209/209语言库 16排2列5层/ [索取号:H319.4/L658:3] | 在馆 | |
| 3 | 225324 | 202253248 | 语言库209/209语言库 16排2列5层/ [索取号:H319.4/L658:3] | 在馆 | |
| 4 | 487961 | 204879612 | 自科二线504/504自科库 23排2列3层/ [索取号:H319.4/L658:3] | 在馆 | |
| 5 | 487962 | 204879621 | 自科二线504/504自科库 23排2列3层/ [索取号:H319.4/L658:3] | 在馆 |